000
00266nam a22001097a 4500
008
240708b |||||||| |||| 00| 0 eng d
100
_a
Samrush, Basu
_9
16626
245
_a
Be Rang Aur Lavarish
260
_a
Delhi:
_b
Akshar Pub;
_c
1969.
300
_a
191p.
942
_c
BK
999
_c
40453
_d
40453